Post-capitalist society

Bibliographic Details
Main Author: DRUCKER 1909-
Format: Book
Published: New York, USA : HarperBusiness , 1994
Subjects:

MARC

LEADER 00000cam a2200000 7i4500
001 0000000102
005 20000717.0
020 0 0 |a 0887306616 
090 0 0 |a 330.9049   |b DRU 1994 
100 1 0 |a DRUCKER   |h Peter Ferdinand   |c 1909- 
245 1 0 |a Post-capitalist society   |c Peter F. Drucker 
260 0 0 |a New York, USA :   |b HarperBusiness ,   |c 1994 
300 |a 232 p. ;   |c 21 cm. 
500 0 0 |a Includes index 
650 0 0 |a Capitalism 
650 0 0 |a Economic history   |y 1990 
650 0 0 |a Information society 
650 0 0 |a World politics   |y 1989 - 
999 |a 0000001091   |b Monograph   |c Open Shelf   |e Default branch